Basics of electronics: study aid

التفاصيل البيبلوغرافية
المؤلف الرئيسي: Kozhemyak O. A. Olesya Anatolievna
مؤلف مشترك: National Research Tomsk Polytechnic University
مؤلفون آخرون: Ogorodnikov D. N. Dmitry Nikolaevich
الملخص:This textbook focuses on components of electrical and electronic circuits, semiconductor devices and their main applications; analog integrated circuits, their general features, principles of operation. The manual is intended for students majoring in the specialties 11.03.04 “Electronics and Nanoelectronics” and 12.03.04 “Biotechnical Systems and Technologies”.
اللغة:الإنجليزية
منشور في: Tomsk, Tomsk Polytechnic University Publishing House, 2020
الموضوعات:
التنسيق: MixedMaterials كتاب
KOHA link:https://koha.lib.tpu.ru/cgi-bin/koha/opac-detail.pl?biblionumber=345842

MARC

LEADER 00000nam0a2200000 4500
001 345842
005 20231215115907.0
010 |a 9785438709329 
035 |a (RuTPU)RU\TPU\book\377695 
090 |a 345842 
100 |a 20210401d2020 m y0engy50 ba 
101 0 |a eng 
102 |a RU 
105 |a a j 001zy 
200 1 |a Basics of electronics  |d Основы электроники  |e study aid  |f O. A. Kozhemyak, D. N. Ogorodnikov  |g National Research Tomsk Polytechnic University 
210 |a Tomsk  |c Tomsk Polytechnic University Publishing House  |d 2020 
215 |a 142 p.  |c il. 
320 |a Bibliography: p. 139 
330 |a This textbook focuses on components of electrical and electronic circuits, semiconductor devices and their main applications; analog integrated circuits, their general features, principles of operation. The manual is intended for students majoring in the specialties 11.03.04 “Electronics and Nanoelectronics” and 12.03.04 “Biotechnical Systems and Technologies”. 
452 1 |0 (RuTPU)RU\TPU\book\376893  |t Basics of electronics  |o study aid  |l Основы электроники  |f O. A. Kozhemyak, D. N. Ogorodnikov  |g National Research Tomsk Polytechnic University  |c Tomsk  |n TPU Publishing House  |d 2020  |a Kozhemyak, Olesya Anatolievna 
510 1 |a Основы электроники  |z rus 
606 1 |a Электроника  |2 stltpush  |3 (RuTPU)RU\TPU\subj\20310  |9 45419 
610 1 |a полупроводниковые приборы 
610 1 |a электрические схемы 
610 1 |a электронные схемы 
610 1 |a аналоговые интегральные схемы 
610 1 |a английский язык 
610 1 |a профессиональная лексика 
610 1 |a учебные пособия 
610 1 |a труды учёных ТПУ 
675 |a 621.38(075.8)  |v 4 
700 1 |a Kozhemyak  |b O. A.  |c specialist in the field of electronics  |c Senior Lecturer of Tomsk Polytechnic University  |f 1981-  |g Olesya Anatolievna  |3 (RuTPU)RU\TPU\pers\33727 
701 1 |a Ogorodnikov  |b D. N.  |c specialist in the field of electronics  |c Associate Professor of Tomsk Polytechnic University, Candidate of technical sciences  |f 1974-  |g Dmitry Nikolaevich  |3 (RuTPU)RU\TPU\pers\33695  |9 17326 
712 0 2 |a National Research Tomsk Polytechnic University  |3 (RuTPU)RU\TPU\col\18773  |9 27197 
801 1 |a RU  |b 63413507  |c 20210401 
801 2 |a RU  |b 63413507  |c 20210517  |g RCR 
942 |c BK